[Event "Asian Nation Cup Open 2018"]
[Site "Hamedan"]
[Date "2018.08.01"]
[Round "5"]
[White "Mousavi, Seyed Khalil"]
[Black "Iuldachev, Saidali"]
[Result "1-0"]
[WhiteElo "2447"]
[BlackElo "2456"]
[Annotator "TA"]
[PlyCount "125"]
[EventDate "2018.07.27"]
[EventType "swiss"]
[EventCountry "IRI"]
[SourceTitle "playchess.com"]
[Source "ChessBase"]
[SourceQuality "1"]
[WhiteTeam "Iran"]
[BlackTeam "Uzbekistan"]
[WhiteTeamCountry "IRI"]
[BlackTeamCountry "UZB"]

{[%evp 22,125,-17,-17,0,-5,-2,-17,-16,-16,-6,-19,-9,-24,0,0,4,-6,15,0,22,17,21,25,22,30,31,16,16,16,16,0,0,0,0,0,14,8,21,0,15,6,7,0,0,-12,-12,-54,-8,-45,-14,-83,-76,-54,0,-30,-23,-87,-91,-100,-98,-97,-95,-79,-89,-108,0,0,0,0,0,0,0,0,0,0,0,0,0,0,0,0,0,0,0,0,0,0,0,0,0,0,288,226,273,167,286,276,372,355,389,375,477,463,475,463]} 1. d4 Nf6 2. Bf4 e6 3. Nf3 c5 4. e3 Nc6 5. c3 d5 6. Nbd2 Bd6 7. Bg3 O-O 8. Bd3 b6 9. Ne5 Bb7 10. f4 {D02: 1 d4 d5 2 Nf3 sidelines, including 2...Nf6 3 g3 and 2...Nf6 3 Bf4} Ne7 11. Qf3 Nf5 12. Bf2 {LiveBook: 28 Games. The position is equal.} cxd4 13. exd4 Be7 {[#]} 14. Ng4 $146 ({Predecessor:} 14. O-O Nd6 15. Bh4 Nfe4 16. Bxe7 Qxe7 17. Qe2 f6 18. Nef3 Rab8 19. a4 a5 20. Rfe1 Bc6 {½-½ (20) Demidov,M (2513)-Zvjaginsev,V (2660) St Petersburg 2015}) 14... Nxg4 15. Qxg4 Nd6 16. Qe2 Re8 17. O-O Bf8 18. Nf3 f6 19. Qc2 f5 20. a4 Qc7 21. Ne5 a6 22. Qe2 Ne4 23. Be3 Bd6 24. Rfc1 Qe7 25. Rc2 Rec8 26. Rac1 Qe8 27. b3 Qe7 28. c4 Ba3 29. Ra1 {Hoping for a5!} Bb4 30. Rac1 Ba3 31. Rd1 a5 32. Bc1 Bd6 33. Bb2 Rc7 34. Rdc1 Rac8 (34... Bxe5 $5 35. fxe5 Qb4 $11) 35. cxd5 Bxd5 36. Bc4 (36. Rxc7 $11 Rxc7 37. Rxc7 Bxc7 38. Bc4) 36... Bxe5 $1 $17 37. fxe5 Qg5 (37... Qb4 $15) 38. Qe1 ({Wrong is} 38. Bxd5 $2 Rxc2 39. Rxc2 (39. Bxe6+ $2 Kh8 $19) 39... Rxc2 $19) 38... h5 {[%cal Bh7h5,Bh5h4][%mdl 32]} 39. Ba3 (39. Qe2 $1 $11 {remains equal.}) 39... h4 40. h3 Rc6 41. Qe2 Kh7 42. Bb2 g6 43. Qd3 {[#]} Ng3 ({Black should play} 43... Qg3 $1 $17) 44. Bxd5 $11 Rxc2 45. Rxc2 Rxc2 46. Qxc2 exd5 47. Kh2 Nf1+ 48. Kg1 Ng3 49. Kh2 Nf1+ 50. Kg1 Ne3 51. Qe2 f4 $1 52. Bc1 Nf5 53. Qf2 $36 {[%mdl 2048] White is pushing.} Qh5 {White must now prevent ...Qd1+.} 54. Qc2 f3 55. e6 {[%cal Be5e6,Be6e7][%mdl 32]} fxg2 56. Kxg2 Ng7 $2 {[%mdl 8192]} (56... Kg7 $1 $11 {and Black stays safe.}) 57. e7 $18 Ne8 58. Qf2 {Threatening mate with Qf7+.} g5 {[#]} (58... Ng7 {was necessary.} 59. Bf4 Ne8) 59. Qf5+ $1 Kh6 {intending ...Qe2+.} 60. Qe5 {White threatens Qh8+ and mate.} Kg6 61. Kf2 Qh7 {Now ...Qf7+ and Black clings on.} 62. Qxg5+ Kf7 63. Qxd5+ {Precision: White = 45%, Black = 66%.} 1-0

[Event "Asian Nation Cup Open 2018"]
[Site "Hamedan"]
[Date "2018.08.01"]
[Round "5"]
[White "Kostenko, Petr"]
[Black "Gholami Orimi, Mahdi"]
[Result "1-0"]
[WhiteElo "2444"]
[BlackElo "2333"]
[Annotator "NA"]
[PlyCount "83"]
[EventDate "2018.07.27"]
[EventType "swiss"]
[EventCountry "IRI"]
[SourceTitle "playchess.com"]
[Source "ChessBase"]
[SourceQuality "1"]
[WhiteTeam "Kazakhstan"]
[BlackTeam "Iran"]
[WhiteTeamCountry "KAZ"]
[BlackTeamCountry "IRI"]
[TimeControl "40/5400+30:1800+30"]

1. c4 {[%emt 0:00:00]} e6 {[%emt 0:00:07]} 2. Nf3 {[%emt 0:01:33]} b6 {[%emt 0:06:44]} 3. Nc3 {[%emt 0:00:33]} Bb7 {[%emt 0:00:23]} 4. e4 {[%emt 0:00:54]} Bb4 {[%emt 0:04:35]} 5. Qb3 {[%emt 0:07:44]} Bxc3 {[%emt 0:17:11]} 6. Qxc3 {[%emt 0:00:38]} Bxe4 {[%emt 0:01:01]} 7. Qxg7 {[%emt 0:00:20]} Qf6 {[%emt 0:00:05]} 8. Qxf6 {[%emt 0:01:34]} Nxf6 {[%emt 0:00:04]} 9. Be2 {[%emt 0:06:51]} Rg8 {[%emt 0:02:58]} 10. d3 {[%emt 0:05:52]} Bb7 {[%emt 0:02:29]} 11. Bg5 Bxf3 {[%emt 0:30:12]} 12. Bxf3 {[%emt 0:30:38]} Rxg5 {[%emt 0:00:02]} 13. Bxa8 {[%emt 0:00:08]} c6 {[%emt 0:00:03]} 14. b4 {[%emt 0:00:27]} Rxg2 {[%emt 0:10:54]} 15. b5 {[%emt 0:06:39]} Rg5 {[%emt 0:06:34]} 16. a4 {[%emt 0:00:27]} Kd8 {[%emt 0:04:11]} 17. Kd2 {[%emt 0:03:37]} Rf5 {[%emt 0:00:37]} 18. Raf1 {[%emt 0:01:03]} a6 19. a5 {[%emt 0:13:12]} axb5 {[%emt 0:09:59]} 20. axb6 {[%emt 0:00:10]} bxc4 {[%emt 0:00:29]} 21. dxc4 {[%emt 0:00:10]} d6 {[%emt 0:01:16]} 22. Rhg1 {[%emt 0:00:26]} Nbd7 {[%emt 0:00:02]} 23. b7 {[%emt 0:02:32]} Kc7 {[%emt 0:00:30]} 24. Rg7 {[%emt 0:01:04]} Kb8 {[%emt 0:01:02]} 25. f3 {[%emt 0:01:22]} Ne5 {[%emt 0:00:19]} 26. Ke2 {[%emt 0:01:32]} Rh5 {[%emt 0:00:39]} 27. Rf2 {[%emt 0:00:54]} Rh3 {[%emt 0:00:30]} 28. f4 {[%emt 0:01:53]} Ned7 {[%emt 0:00:04]} 29. Rxf7 {[%emt 0:00:25]} Rb3 {[%emt 0:00:27]} 30. Kf1 {[%emt 0:00:28]} Rb4 {[%emt 0:00:56]} 31. Rc2 {[%emt 0:02:10]} c5 {[%emt 0:00:10]} 32. Kg2 {[%emt 0:00:40]} d5 {[%emt 0:00:06]} 33. f5 {[%emt 0:05:58]} exf5 {[%emt 0:01:10]} 34. cxd5 {[%emt 0:00:03]} c4 {[%emt 0:00:08]} 35. d6 {[%emt 0:00:36]} Ka7 {[%emt 0:00:49]} 36. Re7 {[%emt 0:00:40]} Kb8 {[%emt 0:00:43]} 37. Kf3 {[%emt 0:00:57]} Nb6 {[%emt 0:00:27]} 38. Kf4 {[%emt 0:01:46]} Nbd5+ {[%emt 0:00:33]} 39. Kxf5 {[%emt 0:00:26]} Nxe7+ {[%emt 0:00:23]} 40. dxe7 {[%emt 0:00:42]} Ne8 {[%emt 0:00:00]} 41. Rd2 {[%emt 0:01:46]} Rb5+ {[%emt 0:00:40]} 42. Kf4 {[%emt 0:00:22]} 1-0

[Event "Asian Nation Cup Open 2018"]
[Site "Hamedan"]
[Date "2018.08.01"]
[Round "5"]
[White "Javanbakht, Nima"]
[Black "Kazhgaleyev, Murtas"]
[Result "1/2-1/2"]
[WhiteElo "2439"]
[BlackElo "2575"]
[Annotator "TA"]
[PlyCount "46"]
[EventDate "2018.07.27"]
[EventType "swiss"]
[EventCountry "IRI"]
[SourceTitle "playchess.com"]
[Source "ChessBase"]
[SourceQuality "1"]
[WhiteTeam "Iran"]
[BlackTeam "Kazakhstan"]
[WhiteTeamCountry "IRI"]
[BlackTeamCountry "KAZ"]

{[%evp 18,46,52,43,66,37,60,47,60,64,68,68,63,58,77,77,100,85,107,72,77,77,83,69,101,91,119,94,105,56,88]} 1. d4 Nf6 2. c4 e6 3. Nf3 Bb4+ 4. Bd2 a5 5. g3 c5 6. Bg2 {E11: Bogo-Indian} cxd4 7. Nxd4 Nc6 8. Nb5 O-O 9. O-O d5 10. cxd5 {LiveBook: 3 Games} Nxd5 11. N1c3 $146 ({Predecessor:} 11. N1a3 Bd7 12. Rc1 Bxd2 13. Qxd2 {½-½ (44) Beliavsky,A (2624)-Stocek,J (2531) Gjakova 2016}) 11... Qb6 12. Bxd5 {[#] Hoping for Bg2.} exd5 13. Be3 d4 14. Nxd4 Bxc3 15. bxc3 {Strongly threatening Ne6!} Ne5 16. Qb3 $36 {[%mdl 2048] White has strong initiative.} Qg6 17. f3 Re8 {[%cal Bf8e8,Be8e7,Be7d7][%mdl 32]} 18. Bf2 Bh3 19. Rfd1 Re7 20. c4 {[%cal Bc3c4,Bc4c5][%mdl 32]} h5 21. c5 Rae8 22. Rd2 h4 23. Rad1 Rd7 {Precision: White = 47%, Black = 10%.} 1/2-1/2

[Event "Asian Nation Cup Open 2018"]
[Site "Hamedan"]
[Date "2018.08.01"]
[Round "5"]
[White "Abdisalimov, Abdimalik"]
[Black "Darini, Pouria"]
[Result "0-1"]
[WhiteElo "2331"]
[BlackElo "2463"]
[Annotator "TA"]
[PlyCount "116"]
[EventDate "2018.07.27"]
[EventType "swiss"]
[EventCountry "IRI"]
[SourceTitle "playchess.com"]
[Source "ChessBase"]
[SourceQuality "1"]
[WhiteTeam "Uzbekistan"]
[BlackTeam "Iran"]
[WhiteTeamCountry "UZB"]
[BlackTeamCountry "IRI"]

{[%evp 14,116,15,0,0,0,0,-10,12,-37,-37,-49,-40,-45,-45,-52,7,13,29,0,0,-22,-20,-37,-33,-61,-54,-42,-42,-60,-43,-57,-34,-67,-64,-75,-68,-117,-115,-123,-110,-126,-120,-170,-185,-197,-188,-180,-181,-199,-150,-291,-131,-309,-159,-514,-238,-245,-159,-259,-187,-237,-173,-303,-301,-305,-313,-315,-315,-310,-315,-281,-285,-285,-302,-310,-309,-318,-316,-317,0,-284,0,-314,-164,-318,-316,-306,-286,-313,-306,-288,-280,-297,-152,-710,-664,-5193,-711,-5297,-5302,-5277,-5306,-1105,-1072]} 1. c4 e5 2. Nc3 Bb4 3. g3 Bxc3 4. bxc3 d6 5. Bg2 Nc6 6. Nh3 {A21: Englische Eröffnung} Nge7 7. d3 O-O 8. O-O {LiveBook: 7 Partien. Die Stellung ist ausgeglichen.} Bd7 9. f4 Qc8 10. Nf2 Kh8 $146 ({Vorgänger:} 10... Ng6 11. fxe5 Ncxe5 12. Qb3 Rb8 13. Qa3 Bc6 14. Qxa7 Bxg2 15. Kxg2 {1-0 (42) Khismatullin,D (2613)-Ovetchkin,R (2558) Novokuznetsk 2008}) 11. Ba3 exf4 12. gxf4 Nf5 13. Qd2 Nh4 14. Bh1 Bh3 (14... f5 $15) 15. Rfb1 $11 Be6 16. Rb5 f5 17. Qe3 Bd7 18. Qg3 Ng6 19. Rb2 b6 20. h4 Nge7 21. h5 Rf6 22. Bf3 Qf8 23. Kg2 Re8 24. Rd2 Nd8 25. c5 dxc5 26. c4 Bc6 27. Bb2 Rh6 28. Rg1 Ne6 29. Kf1 Bxf3 30. Qxf3 Qf7 31. Rh1 Ng8 32. Rh4 (32. e3 $17) 32... Nf6 (32... Nd4 $19 33. Qh3 Qe7) 33. Qh3 $2 (33. e3 $17 {war angesagt.}) 33... Kg8 (33... Nxh5 $19 34. e3 Nhxf4 $1 {[%mdl 512]} 35. exf4 Nxf4 $1 {[%mdl 512]} 36. Rxh6 Nxh3 37. Rxh3 Qe6) 34. Nh1 $2 (34. Qxf5 $17 {ist eine bessere Chance.} Nd4 35. Bxd4 cxd4 36. Ng4 Nxg4 37. Qxg4) 34... Ng4 (34... Nxh5 $142 35. Be5 Nexf4 36. Bxf4 Nxf4) 35. e3 $19 Nd8 {[%cal Be6d8,Bd8c6,Bc6d4][%mdl 32]} 36. Re2 (36. e4 $17 {ist eine bessere Verteidigung.} Rd6 37. Qf3) 36... Nc6 37. e4 Nd4 38. Rg2 (38. Rd2 $142) 38... b5 39. cxb5 Qxa2 {( -> ...Db1+)} 40. Bxd4 Qb1+ 41. Ke2 Qc2+ 42. Ke1 Qc1+ 43. Ke2 cxd4 44. Rhxg4 fxg4 45. Qxg4 {[%csl Gg2][%cal Rg4g7]} Qe3+ (45... g6 46. Nf2 $17) 46. Kf1 {[%csl Gg2][%cal Rg4g7]} Qc1+ 47. Ke2 {[%csl Gg2][%cal Rg4g7]} Qe3+ ({Nicht} 47... g6 48. Nf2 $17) 48. Kf1 {[%csl Gg2][%cal Rg4g7]} Re7 (48... Qxd3+ $142 49. Kg1 Re7) 49. Ng3 $2 (49. Rg3 {war nötig.} Qc1+ 50. Kg2) 49... Rf6 50. Nf5 Qxd3+ 51. Kg1 Qxe4 52. Nxe7+ Qxe7 {[%mdl 4096] Endspiel KDT-KDT} 53. Re2 {[#]} Rxf4 (53... Qd8 $1 $19 {Droht ...d3 und aus.} 54. Rd2 d3) 54. Qg2 $2 (54. Qxf4 $17 Qxe2 55. Qxd4) 54... Qd7 {Schwarz steht klar auf Gewinn.} 55. Qb7 Qg4+ 56. Rg2 Qd1+ 57. Kh2 Qxh5+ 58. Kg1 Qd1+ {Precision: Weiß = 27%, Schwarz = 49%.} 0-1

[Event "Asian Nation Cup Open 2018"]
[Site "Hamedan"]
[Date "2018.08.02"]
[Round "6"]
[White "Adhiban, B."]
[Black "Nguyen, Ngoc Truong Son"]
[Result "1/2-1/2"]
[WhiteElo "2671"]
[BlackElo "2618"]
[Annotator "TA"]
[PlyCount "81"]
[EventDate "2018.07.27"]
[EventType "swiss"]
[EventCountry "IRI"]
[SourceTitle "playchess.com"]
[Source "ChessBase"]
[SourceQuality "1"]
[WhiteTeam "India"]
[BlackTeam "Vietnam"]
[WhiteTeamCountry "IND"]
[BlackTeamCountry "VIE"]

{[%evp 19,81,17,15,0,3,9,37,18,25,20,35,45,47,35,52,0,0,0,0,0,0,-6,98,100,93,11,0,0,0,0,47,55,46,0,0,-10,-28,-14,-16,-62,-55,-62,-73,-66,-82,-112,-110,-103,-35,-20,49,43,60,0,48,63,36,0,27,0,0,0,0,0]} 1. d4 d5 2. c4 c6 3. Nc3 Nf6 4. e3 e6 5. Nf3 Nbd7 6. Bd3 dxc4 7. Bxc4 b5 8. Bd3 Bd6 9. Qc2 {D47: Damengambit (Meraner Variante)} (9. b3 Bb7 10. Bb2 O-O 11. Rc1 Rc8 12. a4 b4 13. Ne4 Nxe4 14. Bxe4 Nf6 15. Bb1 c5 16. O-O Ne4 17. dxc5 Bxc5 {1-0 (36) Salem,A (2638)-Adhiban,B (2655) Riadh 2017}) 9... Bb7 10. e4 e5 {LiveBook: 13 Partien} 11. Bg5 h6 12. Bh4 O-O 13. O-O-O Qe7 14. Kb1 $146 ({Vorgänger:} 14. dxe5 Nxe5 15. Nd4 {0-1 (58) Trojan,A-Romanova,A Kemerovo 2007}) 14... a6 15. dxe5 Nxe5 16. Nd4 {Droht Sf5 und aus.} g6 17. f4 (17. Rhe1 $14) 17... Nxd3 $11 18. Rxd3 Bxf4 {[#] Mit der Idee ...Lg5.} 19. e5 $1 {[%mdl 512]} Bxe5 (19... Qxe5 20. Re1) 20. Re1 {Und weiter mit Sf3 wäre nett.} Rae8 (20... Qc5 $1 $11 {bleibt in der Remisbreite.} 21. Nb3 Qb4 22. Bxf6 Bxf6) 21. Nf3 $16 Qb4 {Droht stark ...Lxc3.} 22. Rxe5 ({Günstiger ist} 22. a3 $1 $16 {[%cal Ra3b4]} Qg4 23. Rxe5 Rxe5 24. Bxf6) 22... Rxe5 $11 23. Bxf6 Re6 24. Bd4 Rfe8 25. a3 {[%mdl 1024] Weiss hat Kompensation.} Qe7 26. Qf2 Bc8 27. Rd1 a5 28. Bc5 Qf6 29. Ka1 b4 30. axb4 axb4 31. Bxb4 Re3 32. Rd6 Qf4 $1 {[%cal Rf4b4]} 33. Rd4 Qb8 (33... Re1+ $1 $17 34. Nb1 Rxb1+ $1 {[%mdl 512]} 35. Kxb1 Bf5+ 36. Ka2 Qc1) 34. Bc5 $15 {Und Tb4 würde nun gewinnen.} Qc7 ({Lieber} 34... Rxc3 $11 35. bxc3 Qb5) 35. Ra4 $36 {[%mdl 2048] Weiss kämpft um Vorteil.} Rd3 {[%cal Be3d3,Bd3d8,Bd8a8][%mdl 32]} 36. Qh4 (36. Qf1 $14 Qd7 37. Qb1) 36... Qd8 (36... Qb8 {feels hotter.} 37. Ra3 h5 38. Qf6 Re6 39. Qh4 Re8) 37. Qxd8 $1 ({Nicht} 37. Qxh6 $2 {[#]} Rd1+ $1 {[%mdl 512]} 38. Ka2 Be6+ 39. b3 Qd3 $19) 37... Rdxd8 38. Rd4 Be6 39. Ne4 {Sf6+ ist eine echte Drohung.} Ra8+ 40. Ba3 $1 {Schwarz muss nun Sf6+ beachten.} Kg7 41. Nc3 {Precision: Weiß = 56%, Schwarz = 46%.} 1/2-1/2

[Event "Asian Nation Cup Open 2018"]
[Site "Hamedan"]
[Date "2018.08.02"]
[Round "6"]
[White "Sasikiran, Krishnan"]
[Black "Nguyen, Anh Khoi"]
[Result "1-0"]
[WhiteElo "2666"]
[BlackElo "2454"]
[Annotator "TA"]
[PlyCount "65"]
[EventDate "2018.07.27"]
[EventType "swiss"]
[EventCountry "IRI"]
[SourceTitle "playchess.com"]
[Source "ChessBase"]
[SourceQuality "1"]
[WhiteTeam "India"]
[BlackTeam "Vietnam"]
[WhiteTeamCountry "IND"]
[BlackTeamCountry "VIE"]

{[%evp 19,65,0,0,0,4,0,16,1,16,20,20,8,7,0,0,0,4,0,16,25,44,49,37,29,28,13,53,62,89,89,91,93,102,102,102,104,100,101,264,279,258,271,280,256,246,237,309,279]} 1. e4 c5 2. Nf3 d6 3. d4 cxd4 4. Nxd4 Nf6 5. Nc3 a6 6. Bc4 e6 7. a4 Be7 8. O-O Nc6 9. Be3 O-O 10. Qe2 Bd7 {LiveBook: 7 Games} 11. Nxc6 {B88: Sicilian: Sozin Attack} (11. Rfd1 Qc7 12. Nxc6 Bxc6 13. Bd3 Nd7 14. a5 Bf6 15. Qd2 Rac8 16. Be2 {½-½ (18) Pirs,M (2526)-Iotov,V (2567) GER email 2016}) 11... Bxc6 12. a5 Rc8 13. Rfd1 $146 {The position is equal.} ({Predecessor:} 13. Bb6 Qe8 14. f3 Nd7 15. Bd4 Bf6 16. Rfd1 Qe7 17. Qf2 Bxe4 18. Nxe4 Rxc4 19. Nxd6 {½-½ (54) Robledo,M (2140)-Pezikov,E (2304) ICCF email 2010}) 13... Qc7 ({But not} 13... Nxe4 $6 14. Nxe4 Bxe4 15. Bb6 $16) 14. Bb6 Qb8 15. Bb3 Rfe8 16. Rd3 Nd7 17. Bd4 Bf6 18. Qd2 Bxd4 19. Rxd4 Nf6 20. f3 $36 {[%mdl 2048] White has some pressure.} Red8 21. Rd1 {[%cal Rd4d6]} Ne8 $1 22. f4 b5 23. e5 d5 24. Ne4 {[%cal Bc3e4,Be4g5,Bg5f3,Bf3d4][%mdl 32]} Qa7 25. Ng5 h6 26. Nf3 b4 27. Kh1 Nc7 28. Rxb4 d4 $2 {[#]} (28... Nb5 $16) 29. Rxd4 $18 ({Resist} 29. Nxd4 $6 Nb5 $16) 29... Rxd4 30. Nxd4 ({Don't do} 30. Qxd4 $6 Qb7 $16) 30... Rd8 31. c3 Qb7 {intending ...Rxd4.} 32. Bc4 Be4 33. Qe2 {Precision: White = 77%, Black = 34%.} 1-0

[Event "Asian Nation Cup Open 2018"]
[Site "Hamedan"]
[Date "2018.08.02"]
[Round "6"]
[White "Maghsoodloo, Parham"]
[Black "Ghaem Maghami, Ehsan"]
[Result "1/2-1/2"]
[WhiteElo "2636"]
[BlackElo "2537"]
[Annotator "TA"]
[PlyCount "28"]
[EventDate "2018.07.27"]
[EventType "swiss"]
[EventCountry "IRI"]
[SourceTitle "playchess.com"]
[Source "ChessBase"]
[SourceQuality "1"]
[WhiteTeam "Iran"]
[BlackTeam "Iran"]
[WhiteTeamCountry "IRI"]
[BlackTeamCountry "IRI"]

{[%evp 9,28,8,8,6,6,0,10,-2,0,-4,17,14,22,11,13,10,12,7,0,-17,-23]} 1. e4 c5 2. Na3 (2. Nf3 Nf6 3. Nc3 d5 4. exd5 Nxd5 5. Bb5+ Bd7 6. Ne5 Bxb5 7. Qf3 f6 8. Nxb5 Na6 9. Qh5+ g6 10. Nxg6 hxg6 11. Qxh8 Qd7 12. Nc3 Nab4 13. O-O Nxc2 14. Rb1 {½-½ (54) Caruana,F (2816)-Mamedyarov,S (2808) Leuven 2018}) 2... e6 3. Nf3 a6 4. g3 b5 $146 ({Predecessor:} 4... Nc6 5. Bg2 d6 6. O-O Nf6 7. d3 Be7 8. c3 O-O 9. Qe2 Qc7 {½-½ (42) Gallinnis,N (2307)-Fischdick,G (2230) Germany 2008}) 5. Bg2 Bb7 {The position is equal.} 6. d3 {B31: Sicilian: 2...Nc6 3 Bb5 g6} d6 7. O-O Be7 8. c4 b4 9. Nc2 Nd7 10. Qe2 Ngf6 11. b3 O-O 12. Bb2 a5 13. a4 Ne8 14. d4 cxd4 1/2-1/2

[Event "Asian Nation Cup Open 2018"]
[Site "Hamedan"]
[Date "2018.08.02"]
[Round "6"]
[White "Lu, Shanglei"]
[Black "Yakubboev, Nodirbek"]
[Result "*"]
[WhiteElo "2629"]
[BlackElo "2512"]
[Annotator "TA"]
[PlyCount "70"]
[EventDate "2018.07.27"]
[EventType "swiss"]
[EventCountry "IRI"]
[SourceTitle "playchess.com"]
[Source "ChessBase"]
[SourceQuality "1"]
[WhiteTeam "China"]
[BlackTeam "Uzbekistan"]
[WhiteTeamCountry "CHN"]
[BlackTeamCountry "UZB"]

{[%evp 15,70,20,20,16,13,20,17,15,27,24,30,34,36,22,53,39,57,33,50,37,44,22,22,9,8,12,45,35,43,35,67,43,51,69,61,59,84,27,75,49,64,42,43,35,35,35,59,27,31,15,22,12,10,12,64,64,65]} 1. e4 e5 2. Nf3 Nc6 3. Bb5 Nf6 4. d3 Bc5 5. c3 d5 6. exd5 {C65: Ruy Lopez: Berlin Defence (3...Nf6), unusual lines and 4 0-0 Bc5} Qxd5 7. Bc4 Qd6 8. Qe2 O-O {LiveBook: 4 Games} 9. Bg5 Bf5 $146 ({Predecessor:} 9... Be6 10. Nbd2 Bxc4 11. Nxc4 Qe6 12. Bxf6 gxf6 13. Nfd2 {½-½ (53) Caruana,F (2808)-Kramnik,V (2808) Stavanger 2017}) 10. Bxf6 Qxf6 11. Nbd2 Bd6 12. O-O Rae8 13. Rfe1 Bd7 14. Bd5 Re7 15. a4 {[%cal Ba2a4,Ba4a5][%mdl 32]} Nd8 16. a5 Kh8 17. Qe3 a6 18. g3 Bc6 19. Bxc6 Nxc6 20. b4 Nd8 21. Nc4 {[%cal Rf3e5]} Rfe8 22. Qe4 $36 {[%mdl 2048] White is pushing.} Qg6 23. Nh4 Qxe4 24. dxe4 Re6 25. Rad1 f6 26. Rd5 ({White should play} 26. Nxd6 $16 Rxd6 27. Rxd6 cxd6 28. Rd1) 26... Be7 27. Nf5 g6 28. Nfe3 Rc6 29. Ra1 Ne6 30. h4 h5 31. f3 Bf8 32. Kf2 Bh6 33. Rd3 Kg8 34. Rad1 Bxe3+ (34... Kf8 $11) 35. Nxe3 $14 Kf7 {Precision: White = 43%, Black = 53%.} *

[Event "Asian Nation Cup Open 2018"]
[Site "Hamedan"]
[Date "2018.08.02"]
[Round "6"]
[White "Jumabayev, Rinat"]
[Black "Alhammada, Imad"]
[Result "1-0"]
[WhiteElo "2594"]
[BlackElo "2088"]
[Annotator "TA"]
[PlyCount "153"]
[EventDate "2018.07.27"]
[EventType "swiss"]
[EventCountry "IRI"]
[SourceTitle "playchess.com"]
[Source "ChessBase"]
[SourceQuality "1"]
[WhiteTeam "Kazakhstan"]
[BlackTeam "Syria"]
[WhiteTeamCountry "KAZ"]
[BlackTeamCountry "SYR"]

{[%evp 18,153,46,50,57,66,51,52,81,90,95,105,100,81,97,81,65,65,74,68,83,78,78,78,81,63,95,82,93,93,88,93,120,114,114,104,137,86,96,96,109,97,99,91,93,95,104,101,103,97,108,81,130,123,124,120,127,41,104,77,125,93,135,116,152,153,193,154,165,119,135,134,163,163,163,163,163,163,163,161,164,164,164,164,167,167,383,384,573,573,502,293,293,295,347,347,292,287,289,289,289,289,267,191,191,191,191,191,365,365,369,358,358,358,355,339,337,283,535,528,528,526,516,504,538,515,587,586,571,534,842,816,2225,2156,1871,1750,1553,1427]} 1. Nf3 d5 2. g3 Nf6 3. Bg2 c6 4. c4 e6 5. d4 Be7 6. O-O O-O 7. Nbd2 Nbd7 8. Qc2 Re8 9. Rd1 Qc7 {E09: Katalanisch} 10. e4 {LiveBook: 3 Partien} dxe4 11. Nxe4 Nxe4 {Weiß steht etwas besser.} (11... e5 12. dxe5 Nxe5 13. Bf4 Nxf3+ 14. Bxf3 Qa5 15. Bd6 Qf5 16. Qe2 Be6 17. Bxe7 Rxe7 {½-½ (45) Maslik,M (2357)-Vass,F (2322) Slovakia 2018}) 12. Qxe4 h6 13. Bf4 Bd6 14. Bxd6 Qxd6 15. c5 $146 ({Vorgänger:} 15. Ne5 Qb4 16. Qc2 a5 17. a3 Qe7 18. Re1 Nf6 19. Rad1 Qc7 20. Qb3 Bd7 21. Rc1 Rad8 22. Qc3 Bc8 {½-½ (22) Kosa,J (2073)-Maravic,M Subotica 2014}) 15... Qe7 16. Re1 Nf6 17. Qc2 Qc7 18. Ne5 Bd7 19. h4 Red8 20. Rad1 Be8 21. a3 (21. Qe2 {looks sharper.} Rab8 22. Nc4 b6 23. a3 Nd5 24. Nd6) 21... Qe7 22. Qc1 Rac8 23. Nc4 Rb8 24. Bf3 a6 25. Rd3 Nd5 26. Qd2 Qc7 27. Rc1 (27. Bxd5 $142 cxd5 28. Nd6) 27... Qe7 28. Qe2 Nf6 29. Rd2 Qc7 30. Qe3 Nd5 31. Qe5 Qe7 32. Re1 Qf6 33. Be4 {[%cal Bf3e4,Be4b1,Bb1a2][%mdl 32]} Qe7 {Weiss muss nun ...f6 beachten.} 34. Bb1 Nf6 35. Qf4 Nh5 36. Qf3 $36 {[%mdl 2048] Weiss hat starke Initiative.} Nf6 37. Ne5 (37. b4 $16) 37... h5 (37... b6 $1 $14) 38. Ba2 Bd7 39. Ree2 {[%cal Be1e2,Be2d2,Bd2d1][%mdl 32]} Re8 40. Rd3 Rbd8 41. Qf4 Bc8 42. Rf3 Rf8 43. Rd2 Nd5 {[#]} 44. Qe4 $1 f5 45. Qe2 Qf6 46. Rfd3 Qh6 47. f4 Nf6 48. Rd1 Ne4 49. Re3 Nf6 50. Nf3 Ne4 51. Ng5 Qf6 $2 (51... Nxg5 52. hxg5 (52. fxg5 Qh7 $16) 52... Qg6 53. Bxe6+ Bxe6) 52. Qxh5 $18 {[%csl Gg5][%cal Rh5h7]} Nxg5 (52... Rf7 $142 53. Nxf7 Qxf7 54. Qxf7+ Kxf7) 53. hxg5 (53. Qxg5 Rxd4 54. Rde1 Rd2 $16) 53... g6 54. Qh6 ({Schwächer ist} 54. gxf6 gxh5 55. Bxe6+ Bxe6 $18) 54... Qf7 55. Re2 Rfe8 56. Rh2 {[%csl Gh2][%cal Rh6h8]} Qg7 57. Kf2 Kf7 58. Ke3 Rh8 59. Qxg7+ Kxg7 60. Rh4 Rxh4 61. gxh4 {[%mdl 4096] Endspiel KTL-KTL} Rh8 62. Rh1 Kf7 $2 (62... Bd7 63. Kf3 Kf8) 63. Bc4 Kg7 64. Be2 Bd7 65. h5 gxh5 66. Rxh5 Rb8 67. Kd2 b6 $2 (67... Be8 {war nötig.}) 68. cxb6 {Weiß steht klar auf Gewinn.} Rxb6 69. Kc3 a5 70. b3 Be8 71. Rh6 Bf7 72. Bc4 Bg6 73. Bxe6 a4 74. b4 c5 {[#]} 75. Bxf5 $1 {[%mdl 512] Beabsichtigt Txg6+ und Matt.} cxb4+ (75... Bxf5 76. Rxb6) 76. axb4 Rc6+ 77. Kb2 {Precision: Weiß = 59%, Schwarz = 36%.} 1-0